Music Quiz

Random Music or Rap Quiz
Score 0/14 Timer 01:30
0 Plays Today
% Correct
Paul
81.7%
Benny
79.1%
Jimmy
53%
Johnny
45.2%
Janice
37.4%
Bill
35.7%
Jackie
34.8%
% Correct
Eugene
33%
Ricky
31.3%
Mike
31.3%
Lee
29.6%
Lisa
28.7%
Larry
23.5%
Michelle
20%
Remove Ads.
Support Sporcle.
Get the best of Sporcle when you Go Orange. This ad-free experience offers more features, more stats, and more fun while also helping to support Sporcle. Thank you for becoming a member.

You're not logged in!

Compare scores with friends on all Sporcle quizzes.
OR
Log In

Show Comments

Extras

Top Quizzes Today


Score Distribution

Your Account Isn't Verified!

In order to create a playlist on Sporcle, you need to verify the email address you used during registration. Go to your Sporcle Settings to finish the process.

Report this User

Report this user for behavior that violates our Community Guidelines.

Details: